header

Teacher education in CALL (Record no. 185799)

MARC details
000 -LEADER
fixed length control field 01440nam a2200349Ia 4500
082 04 - DEWEY DECIMAL CLASSIFICATION NUMBER
Classification number 418/.007
245 00 - TITLE STATEMENT
Title Teacher education in CALL
260 ## - PUBLICATION, DISTRIBUTION, ETC. (IMPRINT)
Place of publication Philadelphia, PA :
Name of publisher John Benjamins Pub. Co.,
Year of publication c2006.
300 ## - PHYSICAL DESCRIPTION
Number of Pages xi, 354 p.
490 0# - SERIES STATEMENT
Series statement Lanuage learning and language teaching ;
650 #0 - SUBJECT ADDED ENTRY--TOPICAL TERM
Topical Term Language and languages
Topical Term Language teachers
700 1# - ADDED ENTRY--PERSONAL NAME
Personal name Hubbard, Philip,
Personal name Levy, Mike,
856 40 - ELECTRONIC LOCATION AND ACCESS
Uniform Resource Identifier http://site.ebrary.com/lib/rucke/Doc?id=10137866

No items available.

© 2026 Rongo University
Contact us: librarian | system librarian | Rongo university